La Prensa costarricense en tiempos de cambio 1900-1930 /
Guardado en:
| Autor principal: | |
|---|---|
| Formato: | Texto |
| Materias: | |
| Etiquetas: |
Agregar Etiqueta
Sin Etiquetas, Sea el primero en etiquetar este registro!
|
MARC
| LEADER | 00000 a a2200000 04500 | ||
|---|---|---|---|
| 001 | 14517 | ||
| 003 | |||
| 040 | |||
| 100 | |a Vega Jiménez, Patricia | ||
| 245 | |a La Prensa costarricense en tiempos de cambio 1900-1930 / |c Patricia Vega Jiménez | ||
| 650 | |a PRENSA | ||
| 650 | |a HISTORIA | ||
| 650 | |a COSTA RICA | ||
| 650 | |a PRENSA | ||
| 773 | |g número 108 (II); páginas 121-144 | ||
| 999 | |c 28497 |d 28497 | ||
| 773 | 0 | |0 18728 |9 3032 |a Universidad de Costa Rica |d San José, Costa Rica Editorial UCR 1956- |o 02389 |t Revista de Ciencias Sociales/ |x 04825276 | |
